000 00500nam a2200181Ia 4500
003 GCL
008 140319s9999 xx 000 0 ara d
040 _aGCL /
_cGCL
082 0 4 _a029
_bم ع
100 1 _aمحمد قبيسى
245 1 0 _aعلم التوثيق والتقنية الحديثة /
_cمحمد قبيسى
300 _a187 ص
490 _a100 قصة
_v0
650 0 4 _aالوثائق
650 0 4 _aالتوثيق
650 0 4 _aالارشيف والمحفوظات
942 _2ddc
_cBK
999 _c45611
_d45611